00378 a2200109 4500001001000000005001700010008004100027245003400068100002300102773012600125999001700251ART_2366720260410161932.0260409a 10aEl hombre según Kierkegaard1 aLetizia, Francisco0 tRevista de la Facultad de Ciencias Económicas de la Universidad de Cuyog- Año XXX, Nº 78 (jul./dic. 1978)wREV22981 c28710d28710